1924 1854 1795 1975 1028 1843 1872 1051 1550 1705 1064 1544 1773 1287 1943 1584 1822 1701 1943 1219 1107 1767 1994 1621 1943 1645 1003 1151 1217 1082 1905 1025 1104 1342 1401 1016 1623 1488 1601 1160 1434 1550 1994 1214 1140 1370 1964 1771 1121 1113 1674 1031 1914 1914 1630 1057 1878 1502 1308 1081 1012 1494 1847 1042 1377 1492 1286 1349 1043 1714 1336 1738 1378 1085 1956 1136 1618 1944 1894 1433 1143 1322 1449 1630 1934 1166 1115 1483 1142 1181 1735 1066 1947 1817 1997 1111 1175 1570 1104 BCNSPRNW ULIB Ver.6.0+V

เปลี่ยนเป็นภาษาไทย

Change to English
 แสดงรายละเอียดบรรณานุกรม
  กลับหน้าหลัก

Brief Record : Get Marc (ISO 2709) : E-mail record : QR code < ปิดหน้าต่าง
LEADER : 00000nam 2200000uu 4500
001    13399121582
003     ULIB
008    121123s2548||||th 000 0 tha d
020    ^a9749318102
020    ^a9789749318102
060 04 ^aWT120^bธ391ร
100 0  ^aธวัช ประสาทฤทธา
245 10 ^aรู้ทันอาการอันตรายกับโรคผู้สูงอายุ /^cธวัช ประสาทฤทธา ...[และคนอื่นๆ] ; บรรณาธิการ ประภาส เที่ยงธรรม
260    ^aกรุงเทพฯ :^bเรือนปัญญา,^c2548
300    ^a162 หน้า :^bภาพประกอบ ;^c21 ซม.
650  7 ^aผู้สูงอายุ^xโรค
650  7 ^aผู้สูงอายุ^xสุขภาพและอนามัย
700 0  ^aประภาส เที่ยงธรรม,^eบรรณาธิการ
945    ^p135^l0^i14319
995    ^aวิภา
999 ^a ใช้งานได้ทุกระบบ
รายการนี้ยังไม่มีแท็ก
คุณยังไม่ได้ล็อกอิน คุณสามารถมีกิจกรรมร่วมกับเว็บไซต์ได้ แต่ต้องล็อกอินก่อน ::
  ล็อกอิน

รายการสื่อสารสนเทศ

ลำดับที่ ประเภท เลขเรียก/บาร์โค้ด สถานที่ สถานะ
1. วิทยาศาสตร์การแพทย์ และสุขภาพ
วิทยาศาสตร์การแพทย์ และสุขภาพ
WT120 ธ391ร  
  Barcode: 14319
ห้องสมุดวิทยาเขตสวรรค์ประชารักษ์
►หนังสือทั่วไป
บนชั้น

รายการใกล้เคียง
    ผู้แต่ง [ธวัช ประสาทฤทธา]

BibComment


ยังไม่เคยถูกคอมเมนท์

คอมเมนท์ทรัพยากรรายการนี้
  คอมเมนท์: รู้ทันอาการอันตร..


 Copyright 2026. Bcnsprnw @Library